000 00248nam a2200109Ia 4500
999 _c9271
_d9271
020 _a978-0132433105
100 _aWilliam Stallings
245 0 _aData And Computer Communications
260 _aNew Delhi
_bAddison
_c2002
300 _a781
942 _cBK